Netherlands provinces by first 2 letters - Statistics

General Stats
  • This quiz has been taken 22 times
  • The average score is 10 of 12
Answer Stats
Province % Correct
No
100%
No
100%
Fr
90%
Gr
90%
Li
90%
Ut
85%
Ge
80%
Ze
80%
Dr
75%
Fl
75%
Zu
75%
Ov
70%
No matching quizzes found
Score Distribution
Percent of People with Each Score
Percentile by Number Answered
Your Score History
You have not taken this quiz